| 000 | 00844nac a22002777a 4500 | ||
|---|---|---|---|
| 001 | BR0700499 | ||
| 003 | BR-BrBNA | ||
| 005 | 20240105123346.0 | ||
| 008 | 230509b bl.|||m| |||| 00| 0 por d | ||
| 040 |
_aBR-BrBNA _bpor _cBiblioteca Nacional de Agricultura |
||
| 072 | _aE70 | ||
| 090 | _a5120 BR0700499 | ||
| 110 | 1 |
_aConfederação da Agricultura e Pecuária do Brasil, Brasília, DF (Brasil) _92548 |
|
| 245 | 1 | _aEstudo do complexo do Agronegócio Cavalo do Brasil | |
| 260 | 3 |
_aBrasília, DF (Brasil): _c2006. |
|
| 300 | _a68 p. | ||
| 490 |
_aColetânea de Estudos Gleba (Brazil) _vno. 40 _x |
||
| 650 | _aCAVALO | ||
| 650 | _aCRIAÇÃO | ||
| 650 | _aAGRONEGÓCIO | ||
| 650 | _aESTATÍSTICA DE PRODUÇÃO | ||
| 650 | _aFEIRA | ||
| 650 | _aPREÇO | ||
| 909 |
_a202312 _bLúcia Elande _c55 _dLúcia Elande |
||
| 942 |
_2AGRIS _n0 _cMS |
||
| 999 |
_c295108 _d295108 |
||